Los derechos del niño a la luz de la fé:carta pastoral del arzobispo obispo de Valparaíso, monseñor Emilio Tagle Covarrubias, en el año internacional del niño
Bewaard in:
| Hoofdauteur: | |
|---|---|
| Formaat: | Boek |
| Taal: | Spaans |
| Gepubliceerd in: |
Valparaíso
Arzobispado de Valparaíso
1979
|
| Onderwerpen: | |
| Tags: |
Voeg label toe
Geen labels, Wees de eerste die dit record labelt!
|
MARC
| LEADER | 00000nam a2200000 a 4500 | ||
|---|---|---|---|
| 001 | UCT9823 | ||
| 003 | CL-VaPUC | ||
| 008 | 970412e19790000CL |||||||||||||||||spa|d | ||
| 082 | 0 | 4 | |a 208 |b TAG |2 21 |
| 100 | 0 | |a Tagle Covarrubías, Emilio |e author |9 307934 | |
| 245 | 1 | 4 | |a Los derechos del niño a la luz de la fé:carta pastoral del arzobispo obispo de Valparaíso, monseñor Emilio Tagle Covarrubias, en el año internacional del niño |
| 300 | |a 10 p | ||
| 942 | |c BK | ||
| 945 | |d 19970412 00:00:00 |a amoreno | ||
| 260 | |a Valparaíso |b Arzobispado de Valparaíso |c 1979 | ||
| 650 | 0 | |a Religión |9 255164 | |
| 650 | 7 | |a CIENCIAS RELIGIOSAS |2 CL-VaPUC |9 382853 | |
| 650 | 0 | |a Niños |9 255605 | |
| 650 | 0 | |a Derechos del niño |9 258728 | |
| 583 | |a last modification |c 19970412 00:00:00 |k Rodrigo Vera | ||
| 999 | |c 258192 |d 258190 | ||
| 952 | |0 0 |1 0 |4 0 |6 208_000000000000000_TAG_1979 |7 0 |8 A |9 282099 |a BIBEDU |b BIBEDU |d 2019-11-19 |i 3294102 |o 208 TAG 1979 |p 3294102 |r 2019-11-19 |w 2019-11-19 |y BK |k EDU | ||
| 952 | |0 0 |1 0 |4 0 |6 208_000000000000000_TAG_1979 |7 0 |8 A |9 282100 |a BIBEDU |b BIBEDU |d 2019-11-19 |i 374907K |o 208 TAG 1979 |p 374907K |r 2019-11-19 |w 2019-11-19 |y BK |k BME | ||